National Missile Defense ,What Does It All Mean (Record no. 8946)

MARC details
000 -LEADER
fixed length control field 00415nam a22001577a 4500
003 - CONTROL NUMBER IDENTIFIER
control field OSt
005 - DATE AND TIME OF LATEST TRANSACTION
control field 20240626154134.0
008 - FIXED-LENGTH DATA ELEMENTS--GENERAL INFORMATION
fixed length control field 240626b |||||||| |||| 00| 0 eng d
040 ## - CATALOGING SOURCE
Transcribing agency MUST
082 ## - DEWEY DECIMAL CLASSIFICATION NUMBER
Classification number 358.1 NAT 2000
245 ## - TITLE STATEMENT
Title National Missile Defense ,What Does It All Mean
Remainder of title A CDI ISSUE BRIEF
300 ## - PHYSICAL DESCRIPTION
Extent v, 50p
Other physical details col.ill.
Dimensions 28cm
504 ## - BIBLIOGRAPHY, ETC. NOTE
Bibliography, etc Acronyms, Glossary
650 ## - SUBJECT ADDED ENTRY--TOPICAL TERM
Source of heading or term Economics
942 ## - ADDED ENTRY ELEMENTS (KOHA)
Source of classification or shelving scheme Dewey Decimal Classification
Koha item type Open Shelf
Holdings
Withdrawn status Lost status Source of classification or shelving scheme Damaged status Not for loan Home library Current library Date acquired Source of acquisition Inventory number Total Checkouts Full call number Barcode Date last seen Price effective from Koha item type
    Dewey Decimal Classification     MUST Main Library MUST Main Library 26/06/2024 Purchase 04/21352   358.1 NAT 2000 2024-21463 26/06/2024 26/06/2024 Open Shelf